1608 1264 1008 1311 1645 1071 1704 1937 1849 1618 1191 1344 1466 1921 1133 1064 1378 1560 1194 1904 1005 1490 1131 1794 1878 1024 1680 1718 1932 1281 1080 1807 1674 1846 1237 1707 1724 1953 1624 1836 1157 1571 1230 1983 1927 1228 1609 1467 1402 1150 1062 1883 1055 1641 1581 1180 1338 1575 1040 1730 1822 1975 1993 1712 1755 1033 1720 1602 1752 1454 1721 1070 1386 1626 1202 1393 1314 1454 1810 1702 1027 1380 1652 1522 1226 1736 1611 1004 1451 1422 1988 1678 1183 1609 1297 1558 1046 1072 1921 BCNSPRNW ULIB Ver.6.0+V

เปลี่ยนเป็นภาษาไทย

Change to English
 แสดงรายละเอียดบรรณานุกรม
  กลับหน้าหลัก

Brief Record : Get Marc (ISO 2709) : E-mail record : QR code < ปิดหน้าต่าง
LEADER : 00000nam 2200000uu 4500
001    13399111453
003     ULIB
008    110627s||||||||th 000 0 tha d
020    9786165001298
090    นว.^bณ429ค 2554
100 0  ณารา
245 00 คุณชายธราธร/^cณารา
250    พิมพ์ครั้งที่ 4
260    กรุงเทพฯ :^bพิมพ์คำ,^c2554
300    420 หน้า
490 0  นวนิยายชุด สุภาพบุรุษจุฑาเทพ
945    ^p260^l0^i030168
995    ทศพร
999 ^a ใช้งานได้ทุกระบบ
รายการนี้ยังไม่มีแท็ก
คุณยังไม่ได้ล็อกอิน คุณสามารถมีกิจกรรมร่วมกับเว็บไซต์ได้ แต่ต้องล็อกอินก่อน ::
  ล็อกอิน

รายการสื่อสารสนเทศ

ลำดับที่ ประเภท เลขเรียก/บาร์โค้ด สถานที่ สถานะ
- ไม่พบข้อมูล -

รายการใกล้เคียง
    ผู้แต่ง [ณารา]

BibComment


ยังไม่เคยถูกคอมเมนท์

คอมเมนท์ทรัพยากรรายการนี้
  คอมเมนท์: คุณชายธราธร ณารา


 Copyright 2026. Bcnsprnw @Library